| 000 | 00893nam a22002417a 4500 | ||
|---|---|---|---|
| 999 |
_c7973 _d7973 |
||
| 003 | AR-CdUCM | ||
| 008 | 190321b ||||| |||| 00| 0 spa d | ||
| 040 |
_aMUNICIPALIDAD PROVINCIAL DEL CUSCO _cBIBLIOTECA MUNICIPAL DEL CUSCO |
||
| 041 | _heng | ||
| 082 |
_a636.208 / _bR49 |
||
| 100 |
_aRhoad, Albert O. _922528 |
||
| 245 | _aCria de ganado vacuno para carne en medios desfavorables / | ||
| 260 |
_aMéxico : _bHerrero hermanos sucesores, _c1966. |
||
| 300 |
_a318 páginas ; _bilustraciones ; _c22.5 cm. |
||
| 505 | _aContenido : Medios desfavorables -- Hibridación de ganado vacuno para carne en un medio desfavorable. | ||
| 650 |
_aGanaderia _9321 |
||
| 650 |
_aGanado _922529 |
||
| 650 |
_aZonas desfavorables _922530 |
||
| 700 |
_aPalazón Bertrán, Ramón (traductor) _922531 |
||
| 700 |
_aPalazón Mayoral, Ana María (traductora) _922532 |
||
| 942 |
_2ddc _cLIBROS |
||
| 945 | _azta | ||